AH International Schools' Libraries

(KHMER) Momotaro: (Record no. 50139)

MARC details
000 -LEADER
fixed length control field 00311nam a2200109 4500
020 ## - INTERNATIONAL STANDARD BOOK NUMBER
International Standard Book Number 9789996305573
100 ## - MAIN ENTRY--PERSONAL NAME
Personal name Takakazu Yamada
9 (RLIN) 87169
245 ## - TITLE STATEMENT
Title (KHMER) Momotaro:
Remainder of title a Japanese traditional tale /
Statement of responsibility, etc Takakazu Yamada
260 ## - PUBLICATION, DISTRIBUTION, ETC. (IMPRINT)
Place of publication, distribution, etc Cambodia
Name of publisher, distributor, etc Sipar
Date of publication, distribution, etc 2021
300 ## - PHYSICAL DESCRIPTION
Extent 47 p.
Other physical details col. ill.
Dimensions 19 cm.
942 ## - ADDED ENTRY ELEMENTS (KOHA)
Source of classification or shelving scheme
Koha item type Book
Holdings
Withdrawn status Lost status Source of classification or shelving scheme Damaged status Not for loan Collection code Home library Current library Shelving location Date acquired Total Checkouts Full call number Barcode Date last seen Price effective from Koha item type
          Siem Riep Asian Hope Siem Reap Asian Hope Siem Reap SECONDARY 02/03/2026   KHMER J FIC YAM 209766 02/03/2026 02/03/2026 Book
          Siem Riep Asian Hope Siem Reap Asian Hope Siem Reap SECONDARY 02/03/2026   KHMER J FIC YAM 209762 02/03/2026 02/03/2026 Book

For any Logos Library related questions please contact Miss Art at swongnarasuk@asianhope.org.

For any Asian Hope Library related questions please contact Miss Raza at graza@asianhope.org.

Powered by Koha